A gazetteer of the Province of Sind. (Record no. 329842)
[ view plain ]
| 000 -LEADER | |
|---|---|
| fixed length control field | 00939cam a22002771a 4500 |
| 001 - CONTROL NUMBER | |
| control field | 9828142 |
| 003 - CONTROL NUMBER IDENTIFIER | |
| control field | NUST |
| 005 - DATE AND TIME OF LATEST TRANSACTION | |
| control field | 20170523145151.0 |
| 008 - FIXED-LENGTH DATA ELEMENTS--GENERAL INFORMATION | |
| fixed length control field | 821217s1876 enkbf a 000 0 eng |
| 010 ## - LIBRARY OF CONGRESS CONTROL NUMBER | |
| LC control number | 59058763 |
| 020 ## - INTERNATIONAL STANDARD BOOK NUMBER | |
| International Standard Book Number | 9693517458 |
| 040 ## - CATALOGING SOURCE | |
| Original cataloging agency | DLC |
| Transcribing agency | DLC |
| Modifying agency | DLC |
| 050 10 - LIBRARY OF CONGRESS CALL NUMBER | |
| Classification number | DS485.S6 |
| Item number | H8 1876 |
| 050 00 - LIBRARY OF CONGRESS CALL NUMBER | |
| Classification number | Microfilm 9569 DS |
| 082 ## - DEWEY DECIMAL CLASSIFICATION NUMBER | |
| Classification number | 954.918 HUG |
| 100 1# - MAIN ENTRY--PERSONAL NAME | |
| Personal name | Hughes, A. W. |
| Fuller form of name | (Albert William) |
| 9 (RLIN) | 1369 |
| 245 12 - TITLE STATEMENT | |
| Title | A gazetteer of the Province of Sind. |
| 250 ## - EDITION STATEMENT | |
| Edition statement | 2d ed. |
| 260 ## - PUBLICATION, DISTRIBUTION, ETC. | |
| Place of publication, distribution, etc. | London : |
| Name of publisher, distributor, etc. | G. Bell, |
| Date of publication, distribution, etc. | 1876. |
| 300 ## - PHYSICAL DESCRIPTION | |
| Extent | ix, 946 p., plates, maps (part fold.) ; |
| Dimensions | 22 cm. |
| 500 ## - GENERAL NOTE | |
| General note | L.C. copy imperfect: p. 147-148, 461-464 wanting; various pages mutilated. |
| Institution to which field applies | DLC |
| 583 ## - ACTION NOTE | |
| Action | Replace; |
| Public note | LC copy replaced by preservation microfilm |
| Institution to which field applies | DLC |
| 651 #0 - SUBJECT ADDED ENTRY--GEOGRAPHIC NAME | |
| Geographic name | Sindh (Pakistan) |
| Form subdivision | Gazetteers. |
| 9 (RLIN) | 1370 |
| 906 ## - LOCAL DATA ELEMENT F, LDF (RLIN) | |
| a | 7 |
| b | cbc |
| c | premver |
| d | 1 |
| e | ncip |
| f | 19 |
| g | y-gencatlg |
| 942 ## - ADDED ENTRY ELEMENTS (KOHA) | |
| Source of classification or shelving scheme | |
| Koha item type | Book |
| Withdrawn status | Lost status | Source of classification or shelving scheme | Damaged status | Not for loan | Permanent Location | Current Location | Date acquired | Total Checkouts | Full call number | Barcode | Date last seen | Price effective from | Koha item type |
|---|---|---|---|---|---|---|---|---|---|---|---|---|---|
| School of Civil and Environmental Engineering (SCEE) | School of Civil and Environmental Engineering (SCEE) | 05/23/2017 | 954.918 HUG | NIT-8731 | 05/23/2017 | 05/23/2017 | Book |
